00580nam a2200205Ia 4500003000400000008004100004020001500045040001600060082001300076100001600089245005200105700001800157260005200175300002900227490003100256650001500287650002100302650002400323650002700347GCL140319s9999 xx 000 0 eng d a1857150449 aGCL / cGCL04a813bT T1 aTWAIN, MARK10aTOM SAWYER AND HUCKLEBERRY FINN / cTWAIN, MARK1 aDONALD, MILES aانجلترا : bEVERYMAN'S LIBRARY ، c1991 a21 CM ؛ cXXXVII, 559 P aTHE MILLENNIUM LIBRARYv4404aLITERATURE04aAMERICAN FICTION04aAMERICAN LITERATURE04aLOVE STORIES, AMERICAN